Gaming Quiz

Random Gaming or Toys Quiz

Clickable Sporcle Quiz Show: Gaming Stats

 Plays Quiz Updated Mar 6, 2017

Support Sporcle.
Go Orange.
Score 0/30 Timer 10:00
7 Plays Today
% Correct
DONKEY KONG
85.9%
RUBIK'S CUBE
85.8%
SUPER MARIO
KART
85.1%
BLACKJACK
85.1%
LINK
84.2%
SOLITAIRE
83.9%
ETCH A SKETCH
83.7%
200
83.5%
LEGO
82.3%
QUEEN
82.2%
MARIO PARTY
81.6%
NERF
81.6%
BISHOP
81.1%
WAR
80.9%
SUPER MARIO
BROS
80.9%
% Correct
MEGA MAN
80.7%
PAWN
80.5%
SLINKY
77.5%
DR MARIO
77.3%
1500
75.9%
25
75.8%
SAMUS ARAN
75.4%
KNIGHT
74.6%
LITTLE MAC
73.2%
HEARTS
72.9%
SIMON
69.9%
ROOK
69.7%
PINOCHLE
69.7%
400
66.3%
50
65.3%

You're not logged in!

Compare scores with friends on all Sporcle quizzes.
OR
Log In
Forgot?

From the Vault

Find the Cartoon Rodents

by kfastic

We smell a rat. And also some hamsters, squirrels, and chipmunks.
Remove Ads.
Support Sporcle.
Get the best of Sporcle when you Go Orange. This ad-free experience offers more features, more stats, and more fun while also helping to support Sporcle. Thank you for becoming a member.

Show Comments

Extras

Top Quizzes Today


Score Distribution

Your Account Isn't Verified!

In order to create a playlist on Sporcle, you need to verify the email address you used during registration. Go to your Sporcle Settings to finish the process.

Report this User

Report this user for behavior that violates our Community Guidelines.

Details: